| 000 | 00662nam a22001937a 4500 | ||
|---|---|---|---|
| 005 | 20231204110416.0 | ||
| 010 | _aENG-138547 | ||
| 020 |
_a9788182748682 _c995.00 |
||
| 035 | _aEN-122079 | ||
| 037 | _bDBAD/PUB | ||
| 082 | _a327.170954 | ||
| 245 |
_aThe Role of Media in Promoting Regional Understanding in South Asia/ _cEdited by Priyanka Singh |
||
| 250 | _a1 | ||
| 260 |
_aNew Delhi _bPentagon Press _c2016 |
||
| 270 |
_a206, Peacock Lane, Shahpur Jat, _bNew Delhi _e110049 _k011-64706243 _k011-26491568 _l01126490600 |
||
| 300 |
_a256p. _c24cm(hbk) |
||
| 700 |
_aSingh, Priyanka _93888 _eEditor |
||
| 942 |
_2ddc _cEN _mROL _h327.170954 |
||
| 999 |
_c199410 _d199410 |
||